000 00796cam a2200241 4500
008 090401t1994 xxu||||| |||| 00| 0 eng d
020 _a0749412755
035 _a(Sirsi) u25283
041 _aeng
050 _a658.562
100 _aSadgrove, Kit
245 _aISO9000 BS5750 made easy: a practical guide to quality.
260 _aLondon
_bKogan Page
_c1994
300 _a190p. ; 22cm.
350 _a9.99
520 _aA basic guide to quality assurance, which looks at the benefits and problems of ISO 9000, explains the meaning of the language used and offers advice on how to become registered.
650 _aBS 5750
650 _aISO 9000
650 _aQUALITY ASSURANCE
690 _aMANAGEMENT-BUSINESS MANAGEMENT-PROFESSIONAL PRACTICE
942 _n0
948 _c04/03/1997
999 _c88708
_d88708